000 00882nam0a22002531 4500
001 rc\846257
005 20250622014704.0
035 _a(NLR Aleph) 006027185
090 _a7490404
_c7490404
100 _a20041129d1983 |||y0rusy50 ca
101 0 _arus
102 _aRU
105 _ay |||||||||
200 1 _aПараллельные алгоритмы и корректность параллельных программ
210 _aНовосибирск
_cИн-т математики
_d1983
215 _a[1], 15 с.
_d20
225 1 _aПрепринт
_fАН СССР, Сиб. отд-ние, Ин-т математики
_v30(ОВС-17)
320 _aБиблиогр.: с. 15
700 1 _aМиренков
_bН.Н.
_gНиколай Николаевич
801 0 _aRU
_bNLR
_gpsbo
801 1 _aRU
_bELAR
_2rusmarc
852 _aNLR
_j83-4/29664
942 _cBOOK
980 _aNB